00515nam a2200193 a 450000100060000000300090000600800410001502000150005604000280007108200170009910000280011624500280014426000320017230000110020459000490021565000280026494200120029299900170030417246CO-ViMGA141112s2004 ck r 000 u spa d a9584202081 aCO-ViMGAbspacCO-ViMGA04aCo863.6 I74j1 aIriarte, Alfredo91507610aEl jinete de Bucentauro aBogotá, cPlaneta, c2001 a327.p. aForma de adquisición : Premio - Mincultura14aNOVELA COLOMBIANA91193 2ddccBK c26816d26816